Sports Quiz

Random Sports or Baseball Quiz
Score 0/117 Timer 12:00
1 Play Today
Year Player % Correct
2008Ichiro Suzuki/Dustin Pedroia
92.7%
2001Ichiro Suzuki
92.5%
2004Ichiro Suzuki
92.5%
2006Ichiro Suzuki
92.5%
2007Ichiro Suzuki
92.5%
2009Ichiro Suzuki
92.5%
2010Ichiro Suzuki
92.5%
1970Pete Rose/Billy Williams
92.1%
1976Pete Rose/George Brett
90%
1968Felipe Alou/Pete Rose
89%
1965Pete Rose
88.8%
1972Pete Rose
88.8%
1973Pete Rose
88.8%
1981Pete Rose
88.8%
1912Ty Cobb/Joe Jackson
86.6%
1907Ty Cobb
85.3%
1909Ty Cobb
85.2%
1919Ty Cobb/Bobby Veach
85.2%
1911Ty Cobb
85.2%
1915Ty Cobb
85.2%
1917Ty Cobb
85.2%
1999Derek Jeter
76.1%
2012Derek Jeter
74.9%
1979George Brett
71.7%
1995Tony Gwynn/Dante Bichette
68.6%
1984Tony Gwynn
68.4%
1987Tony Gwynn
68.4%
1994Tony Gwynn
68.4%
1997Tony Gwynn
68.4%
1913Joe Jackson
65.8%
1960Willie Mays
62.9%
1956Hank Aaron
60.3%
1959Hank Aaron
60.3%
1908Honus Wagner
59.3%
1985Wade Boggs
59%
1943Stan Musial
58.2%
1946Stan Musial
58.2%
1948Stan Musial
58.2%
1949Stan Musial
58.2%
Year Player % Correct
1952Stan Musial
58.2%
2016Jose Altuve
57.1%
2015Jose Altuve
57.1%
1966Felipe Alou
52.7%
1969Matty Alou
52.6%
1974Rod Carew
51.4%
1977Rod Carew
51.4%
1983Cal Ripken Jr.
50.4%
1922Rogers Hornsby
48.9%
1924Rogers Hornsby
48.9%
1982Robin Yount
47.7%
1991Paul Molitor
47.4%
1993Paul Molitor
47.4%
1967Roberto Clemente
46.8%
2014Jose Altuve
46%
2011Adrian Gonzalez/Michael Young
45.1%
1996Lance Johnson
43.7%
1980Willie Wilson
42.9%
1920George Sisler
41.7%
1914Tris Speaker
41.4%
1916Tris Speaker
41.4%
1904Nap Lajoie
40.9%
1906Nap Lajoie
40.9%
1910Nap Lajoie
40.9%
2005Michael Young
40.5%
1998Dante Bichette
36.7%
1988Kirby Puckett
36.5%
1989Kirby Puckett
36.5%
1992Kirby Puckett
36.5%
1986Don Mattingly
36.1%
1926George Burns/Sam Rice
33.6%
1978Jim Rice
33.3%
1955Al Kaline
32.9%
1927Paul Waner
32.6%
1934Paul Waner
32.6%
1931Lloyd Waner
32.5%
1962Tommy Davis
30.3%
2019Whit Merrifield
26%
1925Al Simmons
24.2%
Year Player % Correct
2013Adrian Beltre
21.7%
1990Willie McGee
20.8%
2000Darin Erstad
20.1%
2017Charlie Blackmon
19.4%
1951Richie Ashburn
19%
1958Richie Ashburn
19%
1918George Burns
18.9%
1971Joe Torre
18.9%
1937Joe Medwick
18.8%
1932Chuck Klein
18.6%
1933Chuck Klein
18.6%
1964Tony Oliva
17.6%
1930Bill Terry
17.1%
1921Harry Heilmann
16.9%
2018Whit Merrifield
15.4%
1923Frankie Frisch
15.1%
1975Dave Cash
15%
2002Alfonso Soriano
12.7%
1950George Kell
11.2%
1961Vada Pinson
10.2%
1963Vada Pinson
10.2%
1929Lefty O'Doul
9.6%
2003Vernon Wells
9.3%
1928Heine Manush
9%
1935Billy Herman
8.7%
1936Earl Averill
8.5%
1942Johnny Pesky
7.9%
1947Johnny Pesky
7.9%
1957Red Schoendienst
7%
1953Harvey Kuenn
6.4%
1954Don Mueller
6%
1945Tommy Holmes
4.2%
1940Doc Cramer/Barney McCosky/Rip Radcliffe
3.5%
1944George Stirnweiss
3.4%
1905Cy Seymour
3.1%
1938Frank McCormick
3.1%
1903Ginger Beaumont
2.9%
1939Red Rolfe
2.7%
1941Cecil Travis
2.6%

You're not logged in!

Compare scores with friends on all Sporcle quizzes.
OR
Log In

Sporcle TV

Today on Sporcle TV


Watch our educational content, quiz creation guides, and fun videos on Sporcle TV.

Show Comments

Extras

Top Quizzes Today


Score Distribution

Paid Content

Your Account Isn't Verified!

In order to create a playlist on Sporcle, you need to verify the email address you used during registration. Go to your Sporcle Settings to finish the process.

Report this User

Report this user for behavior that violates our Community Guidelines.

Details: